El almirante don Manuel Blanco Encalada: Su correspondencia y datos históricos, biográficos y genealógicos de sus contemporáneos, importantes personajes de Europa y América
Đã lưu trong:
| Tác giả chính: | |
|---|---|
| Định dạng: | Sách |
| Ngôn ngữ: | Tiếng Tây Ban Nha |
| Được phát hành: |
Santiago
Imprenta El Imparcial, San Diego 67
1934
|
| Phiên bản: | 1a. ed |
| Loạt: | Publicaciones de la Academia Chilena de la Historia
|
| Những chủ đề: | |
| Các nhãn: |
Thêm thẻ
Không có thẻ, Là người đầu tiên thẻ bản ghi này!
|
MARC
| LEADER | 00000nam a2200000 a 4500 | ||
|---|---|---|---|
| 001 | UCJ4624 | ||
| 003 | CL-VaPUC | ||
| 008 | 070124e19340000CL |||||||||||||||||spa|d | ||
| 082 | 0 | 4 | |a 923 |b BLA |2 21 |
| 100 | |a Ovalle Castillo, Darío |e autor |9 508688 | ||
| 245 | 1 | 3 | |a El almirante don Manuel Blanco Encalada: Su correspondencia y datos históricos, biográficos y genealógicos de sus contemporáneos, importantes personajes de Europa y América |
| 250 | |a 1a. ed | ||
| 300 | |a 368 p | ||
| 942 | |c BK | ||
| 945 | |d 20070124 00:00:00 |a rinostro | ||
| 260 | |a Santiago |b Imprenta El Imparcial, San Diego 67 |c 1934 | ||
| 500 | |a La iconografía mencionada en el índice, de regular calidad | ||
| 600 | 0 | |a Portales y Palazuelos, Diego, |d 1793-1837 |9 255516 | |
| 600 | 0 | |a Blanco Encalada, Manuel |9 442306 | |
| 600 | 0 | 7 | |a EYZAGUIRRE, JOSE IGNACIO VICTOR |2 CL-VaPUC |9 508689 |
| 650 | 7 | |a BIOGRAFIA |2 CL-VaPUC |9 504622 | |
| 650 | 0 | |a Genealogía |9 255285 | |
| 650 | 0 | |a Guerra de la independencia |9 331979 | |
| 650 | 0 | |a |9 340497 | |
| 650 | 7 | |a EPISTOLARIO |2 CL-VaPUC |9 321776 | |
| 650 | 7 | |a DOCUMENTOS |2 CL-VaPUC |9 366450 | |
| 650 | 0 | |a Iconografía |9 267998 | |
| 583 | |a last modification |c 20070124 00:00:00 |k Rodrigo Vera | ||
| 490 | 0 | |a Publicaciones de la Academia Chilena de la Historia | |
| 999 | |c 320740 |d 320738 | ||
| 952 | |0 0 |1 0 |4 0 |6 923_000000000000000_BLA_1934 |7 0 |8 X |9 399323 |a FDOBUD |b FDOBUD |d 2019-11-22 |i 1022474 |o 923 BLA 1934 |p 1022474 |r 2019-11-22 |w 2019-11-22 |y BK_X |k BUD | ||